Λίμνες της Ελλάδας - Statistics

General Stats
  • This quiz has been taken 3 times
    1 since last reset
  • The average score is 5 of 92
Answer Stats
Κατηγορία Νομός Έκταση τ.χλμ. Ονομασία % Correct
Φυσικές Λίμνες Αιτωλοακαρνανία 95,840 τ.χλμ. Τριχωνίδα
100%
Φυσικές Λίμνες Ξάνθη & Ροδόπη 45,030 τ.χλμ. Βιστωνίδα
100%
Φυσικές Λίμνες Καστοριά 28,655 τ.χλμ. Ορεστιάδα (Καστοριάς)
100%
Φυσικές Λίμνες Ιωάννινα 19,470 τ.χλμ. Παμβώτιδα (Ιωαννίνων)
100%
Τεχνητές λίμνες Σέρρες 37,688 τ.χλμ. Κερκίνη
100%
Φυσικές Λίμνες Θεσσαλονίκη 75,456 τ.χλμ. Βόλβη
0%
Φυσικές Λίμνες Φλώρινα & Πέλλα 54,310τ.χλμ. Βεγορίτιδα (Οστρόβου)
0%
Φυσικές Λίμνες Θεσσαλονίκη 42,823 τ.χλμ. Κορώνεια (Λαγκαδά, Αγίου Βασιλείου)
0%
Φυσικές Λίμνες Φλώρινα 99%, Αλβανία 1% 42,541τ.χλμ. Μικρή Πρέσπα
0%
Φυσικές Λίμνες Φλώρινα 22%, Αλβανία 18%, Βόρεια Μακεδονία 60% 39,400 τ.χλμ. Μεγάλη Πρέσπα
0%
Φυσικές Λίμνες Βοιωτία 19,118 τ.χλμ. Υλίκη
0%
Φυσικές Λίμνες Κιλκίς, Βόρεια Μακεδονία 15,350 τ.χλμ. Δοϊράνη
0%
Φυσικές Λίμνες Αιτωλοακαρνανία 14,477 τ.χλμ. Αμβρακία
0%
Φυσικές Λίμνες Αιτωλοακαρνανία 13,085 τ.χλμ. Λυσιμαχία
0%
Φυσικές Λίμνες Φλώρινα 12,294 τ.χλμ. Πετρών
0%
Φυσικές Λίμνες Βοιωτία & Εύβοια 10,930 τ.χλμ. Παραλίμνη
0%
Φυσικές Λίμνες Φλώρινα 10,800 τ.χλμ. Χειμαδίτιδα
0%
Φυσικές Λίμνες Αιτωλοακαρνανία 9,450 τ.χλμ. Οζερός
0%
Φυσικές Λίμνες Αιτωλοακαρνανία 9,207 τ.χλμ. Βουλκαρία
0%
Φυσικές Λίμνες Εύβοια 5,165 τ.χλμ. Δύστος
0%
Φυσικές Λίμνες Κιλκίς 3,772 τ.χλμ. Πικρολίμνη
0%
Φυσικές Λίμνες Κορινθία 3,545 τ.χλμ. Στυμφαλία
0%
Φυσικές Λίμνες Θράκη 2,600 τ.χλμ. Νυμφών
0%
Φυσικές Λίμνες Θράκη 2,524 τ.χλμ. Μητρικού (Ισμαρίδα)
0%
Φυσικές Λίμνες Αιτωλοακαρνανία 1,986 τ.χλμ. Σαλτίνη
0%
Φυσικές Λίμνες Φλώρινα 1,845 τ.χλμ. Ζάζαρη
0%
Φυσικές Λίμνες Ηλεία 1,680 τ.χλμ. Καϊάφα
0%
Φυσικές Λίμνες Θεσπρωτίας 0,970 τ.χλμ. Μόρφη
0%
Φυσικές Λίμνες Αχαΐα 0,562 τ.χλμ. Λάμια
0%
Φυσικές Λίμνες Κρήτη 0,501 τ.χλμ. Κουρνά
0%
Φυσικές Λίμνες Αιτωλοακαρνανίας 0,437 τ.χλμ. Πωγωνίτσα
0%
Φυσικές Λίμνες Πρέβεζα & Άρτα 0,372 τ.χλμ. Ζηρός
0%
Φυσικές Λίμνες Θεσπρωτία 0,333 τ.χλμ. Προντάνη
0%
Φυσικές Λίμνες Ιωάννινα 0,301 τ.χλμ. Ζαραβίνα
0%
Φυσικές Λίμνες Αιτωλοακαρνανία 0,237 τ.χλμ. Κόκκαλα
0%
Φυσικές Λίμνες Αιτωλοακαρνανία 0,188 τ.χλμ. Μικρή Σαλτίνη
0%
Φυσικές Λίμνες Αττική 0,148 τ.χλμ. Κουμουνδούρου
0%
Φυσικές Λίμνες Ιωάννινα 0,134 τ.χλμ. Σαΐτα
0%
Φυσικές Λίμνες Αιτωλοακαρνανία 0,125 τ.χλμ. Αβιλαριάς
0%
Φυσικές Λίμνες Αρκαδία 0,102 τ.χλμ. Μουστός
0%
Φυσικές Λίμνες Αχαΐα 0,83 τ.χλμ. Τσιβλού
0%
Φυσικές Λίμνες Έβρος 0,46 τ.χλμ. Τσεκούρι
0%
Φυσικές Λίμνες Έβρος 0,49 τ.χλμ. Σκέπη
0%
Φυσικές Λίμνες Έβρος Σπίτια
0%
Φυσικές Λίμνες Έβρος Γυναίκα
0%
Φυσικές Λίμνες Καρδίτσα 0,11 τ.χλμ. Στεφανιάδα
0%
Τεχνητές λίμνες Αιτωλοακαρνανία & Ευρυτανία 68,532 τ.χλμ. Κρεμαστών
0%
Τεχνητές λίμνες Κοζάνη 56,793 τ.χλμ. Πολυφύτου (Αλιάκμονα)
0%
Τεχνητές λίμνες Λάρισα & Μαγνησία 38,000 τ.χλμ. Κάρλα (Βοιβηίδα ή Πελασγιώτιδα)
0%
Τεχνητές λίμνες Αιτωλοακαρνανία 26,804 τ.χλμ. Καστρακίου
0%
Τεχνητές λίμνες Καρδίτσα 22,180 τ.χλμ. Πλαστήρα (Ταυρωπού)
0%
Τεχνητές λίμνες Ηλεία 19,895 τ.χλμ. Πηνειού
0%
Τεχνητές λίμνες Δράμα 20,000 τ.χλμ. Θησαυρού
0%
Τεχνητές λίμνες Άρτα 18,233 τ.χλμ. Πουρναρίου
0%
Τεχνητές λίμνες Ρέθυμνο 16,000 τ.χλμ. Ποταμών
0%
Τεχνητές λίμνες Φωκίδα 15,050 τ.χλμ. Μόρνου
0%
Τεχνητές λίμνες Ιωάννινα 11,500 τ.χλμ. Αώου
0%
Τεχνητές λίμνες Πιερία 9,500 τ.χλμ. Κατή
0%
Τεχνητές λίμνες Καρδίτσα 8,500 τ.χλμ. Σμοκόβου
0%
Τεχνητές λίμνες Αιτωλοακαρνανία 8,400 τ.χλμ. Στράτου
0%
Τεχνητές λίμνες Πέλλα 5,800 τ.χλμ. Άγρα, Βρυττών και Νησίου
0%
Τεχνητές λίμνες Ημαθία 4,300 τ.χλμ. Σφηκιά
0%
Τεχνητές λίμνες Δράμα 3,250 τ.χλμ. Πλατανόβρυσης
0%
Τεχνητές λίμνες Αρκαδία 3,048 τ.χλμ. Λάδωνα
0%
Τεχνητές λίμνες Κιλκίς 1,4 τ.χλμ. Αρζάνη
0%
Τεχνητές λίμνες Δράμα 0,9 τ.χλμ. Λευκογείων
0%
Τεχνητές λίμνες Κιλκίς 0,2 τ.χλμ. Μεταλλείου
0%
Τεχνητές λίμνες Ημαθία 2,600 τ.χλμ. Ασωμάτων
0%
Τεχνητές λίμνες Αττική 1,027 τ.χλμ. Μαραθώνα
0%
Τεχνητές λίμνες Κορινθία 0,5 τ.χλμ. Δόξας
0%
Τεχνητές λίμνες Πρέβεζα 0,150 τ.χλμ. Λούρου
0%
Τεχνητές λίμνες Ροδόπη Γρατινής
0%
Τεχνητές λίμνες Γρεβενών Αγίου Γεωργίου Γρεβενών
0%
Τεχνητές λίμνες Κοζάνη & Γρεβενά 21,9 τ.χλμ. Λίμνη Ιλαρίωνα
0%
Τεχνητές λίμνες Αχαΐα Λίμνη Αστερίου
0%
Τεχνητές λίμνες Καβάλα Φωλιά
0%
Τεχνητές λίμνες Έβρος Τυχερού
0%
Τεχνητές λίμνες Χανιά 0,45 τ.χλμ. Αγιάς
0%
Αλπικές λίμνες Ιωάννινα Δρακόλιμνη Τύμφης
0%
Αλπικές λίμνες Καστοριά Δρακόλιμνη Σμόλικα
0%
Αλπικές λίμνες Καστοριά 0,291 τ.χλμ. Γκιστόβα
0%
Αλπικές λίμνες Αχαΐα Μαυρολίμνη
0%
Αποξηραμένες λίμνες Πιερία - Αιματόβου
0%
Αποξηραμένες λίμνες Λάρισα - Ασκουρίδα
0%
Αποξηραμένες λίμνες Σέρρες - Αχινού (Ταχινού ή Κερκινίτιδα)
0%
Αποξηραμένες λίμνες Ημαθία - Γιαννιτσών
0%
Αποξηραμένες λίμνες Εύβοια - Δύστου
0%
Αποξηραμένες λίμνες Βοιωτία - Κωπαΐδα
0%
Αποξηραμένες λίμνες Λάρισα - Νεσσωνίς
0%
Αποξηραμένες λίμνες Καβάλα & Δράμα - Πρασιάδα
0%
Αποξηραμένες λίμνες Φθιώτιδα - Ξυνιάδα
0%
Αποξηραμένες λίμνες Κορινθία - Φενεού
0%
No matching quizzes found
Score Distribution
Percent of People with Each Score
Percentile by Number Answered
Your Score History
You have not taken this quiz since the last reset